[Event "NCA-ch (Women)"]
[Site "Managua"]
[Date "2022.04.24"]
[Round "9"]
[White "Alvarez Gutierrez, Patricia"]
[Black "Bolanos Garcia, Heidi Paola"]
[Result "1-0"]
[WhiteElo "1692"]
[BlackElo "1298"]
[PlyCount "73"]
[EventDate "2022.04.02"]
[EventType "swiss"]
[EventRounds "9"]
[EventCountry "NCA"]
[SourceTitle "EXT 2023"]
[Source "ChessBase"]
[SourceDate "2022.10.05"]
[SourceVersion "1"]
[SourceVersionDate "2022.10.05"]
[SourceQuality "1"]

1. d4 d5 2. c4 Nf6 3. cxd5 Qxd5 4. Nc3 Qa5 5. Bd2 Nc6 6. Nf3 Bg4 7. e3 e6 8. Bc4 Qf5 9. a3 Be7 10. Be2 a6 11. h3 Bxf3 12. Bxf3 Nd5 13. e4 Nxc3 14. bxc3 Qg6 15. e5 Qd3 16. Be2 Qg6 17. 0-0 0-0 18. Re1 Bg5 19. Bf3 Na5 20. Bxg5 Qxg5 21. Qa4 Nc6 22. Bxc6 bxc6 23. Qxc6 Qd2 24. Red1 Qb2 25. Rdb1 Qc2 26. Rb7 Rab8 27. Rxb8 Rxb8 28. Qxc7 Qb2 29. Re1 h6 30. Re3 Rb3 31. Rf3 Rb7 32. Qc6 Qc1+ 33. Kh2 Rb1 34. Qa8+ Kh7 35. Rxf7 Ra1 36. Qe4+ Kg8 37. Qg6 1-0

[Event "NCA-ch (Women)"]
[Site "Managua"]
[Date "2022.04.10"]
[Round "5"]
[White "Granados Ortiz, Maria Jose"]
[Black "Bolanos Garcia, Heidi Paola"]
[Result "1-0"]
[WhiteElo "1746"]
[BlackElo "1298"]
[PlyCount "101"]
[EventDate "2022.04.02"]
[EventType "swiss"]
[EventRounds "9"]
[EventCountry "NCA"]
[SourceTitle "EXT 2023"]
[Source "ChessBase"]
[SourceDate "2022.10.05"]
[SourceVersion "1"]
[SourceVersionDate "2022.10.05"]
[SourceQuality "1"]

1. e4 c5 2. Nf3 d6 3. d4 cxd4 4. Nxd4 Nf6 5. Nc3 a6 6. Be3 e6 7. Be2 b5 8. f3 Bb7 9. Qd2 Nbd7 10. g4 h6 11. h4 b4 12. Nd1 d5 13. exd5 Nxd5 14. Bf2 Qc7 15. Ne3 N7b6 16. 0-0-0 Bd6 17. Kb1 Nxe3 18. Qxe3 Nd5 19. Qd2 Bf4 20. Qd3 0-0-0 21. Qb3 e5 22. Nf5 g6 23. Ne3 Nxe3 24. Bxe3 a5 25. Rxd8+ Rxd8 26. Rd1 Rxd1+ 27. Bxd1 Qd7 28. Kc1 Qd5 29. Qxd5 Bxe3+ 30. Qd2 Bxd2+ 31. Kxd2 Kd7 32. c3 Kd6 33. cxb4 axb4 34. a3 Kc5 35. Kd3 Bd5 36. Ke3 f5 37. g5 f4+ 38. Ke2 Bc4+ 39. Kd2 hxg5 40. hxg5 Bd5 41. Kd3 bxa3 42. bxa3 Kb5 43. Kc3 Kc5 44. Be2 e4 45. fxe4 Bxe4 46. Bd3 Kd5 47. a4 f3 48. Bxe4+ Kxe4 49. Kd2 Kf4 50. Ke1 Ke5 51. Kf2 1-0

[Event "NCA-chT final"]
[Site "Managua"]
[Date "2021.10.30"]
[Round "7.4"]
[White "Bolanos Garcia, Heidi Paola"]
[Black "Allen Montes, Charles Mijail"]
[Result "0-1"]
[WhiteElo "1275"]
[BlackElo "1449"]
[PlyCount "92"]
[EventDate "2021.10.16"]
[EventType "team-tourn"]
[EventRounds "11"]
[EventCountry "NCA"]
[SourceTitle "EXT 2023"]
[Source "ChessBase"]
[SourceDate "2022.10.05"]
[SourceVersion "1"]
[SourceVersionDate "2022.10.05"]
[SourceQuality "1"]
[WhiteTeam "Universidad de Ingenieria (W)"]
[BlackTeam "Surnrise CC"]
[WhiteTeamCountry "NCA"]
[BlackTeamCountry "NCA"]

1. e4 d5 2. exd5 Qxd5 3. Nc3 Qa5 4. d4 c6 5. Bc4 Bf5 6. Bd2 Qc7 7. Nge2 e6 8. h3 Nf6 9. g4 Bg6 10. Nf4 Nbd7 11. Nxg6 hxg6 12. Qe2 0-0-0 13. 0-0-0 Nb6 14. Bg5 Be7 15. Bb3 Nbd5 16. Nxd5 Nxd5 17. Bxe7 Qxe7 18. Kb1 Qf6 19. c3 Rh4 20. Rh2 g5 21. Bxd5 Rxd5 22. Re1 Qf4 23. f3 Rh8 24. a3 Kd7 25. Rhh1 Re8 26. Qf2 f5 27. Re3 g6 28. Rhe1 Qd6 29. Re5 b6 30. h4 Rxe5 31. dxe5 Qd3+ 32. Kc1 Qc4 33. hxg5 Qf4+ 34. Qd2+ Qxd2+ 35. Kxd2 fxg4 36. fxg4 Rh8 37. Re2 Rh3 38. Rg2 c5 39. a4 a6 40. Kc2 Re3 41. Rd2+ Kc7 42. b4 Rxe5 43. b5 axb5 44. axb5 Rxg5 45. Rg2 c4 46. Kb2 Rxb5+ 0-1

[Event "Managua Ramirez de Arellano Memorial"]
[Site "Managua"]
[Date "2021.08.07"]
[Round "7"]
[White "Bolanos Garcia, Heidi Paola"]
[Black "Ortiz Bermudez, Victor Francisco"]
[Result "0-1"]
[WhiteElo "1292"]
[BlackElo "1304"]
[PlyCount "78"]
[EventDate "2021.07.10"]
[EventType "swiss"]
[EventRounds "9"]
[EventCountry "NCA"]
[SourceTitle "EXT 2023"]
[Source "ChessBase"]
[SourceDate "2022.10.05"]
[SourceVersion "1"]
[SourceVersionDate "2022.10.05"]
[SourceQuality "1"]

1. e4 c5 2. Nf3 d6 3. d4 cxd4 4. Nxd4 Nf6 5. Nc3 g6 6. Bc4 Bg7 7. 0-0 Nc6 8. Nf3 Bg4 9. Bg5 0-0 10. h3 Bxf3 11. Qxf3 Ne5 12. Qe2 Nxc4 13. Qxc4 Nd7 14. Rad1 Rc8 15. Qb4 Bxc3 16. bxc3 f6 17. Qb3+ Kg7 18. Bh4 Qb6 19. Qe6 Qd8 20. c4 Nc5 21. Qd5 Qd7 22. Rfe1 Qe6 23. Bg3 Qxd5 24. cxd5 a5 25. Re2 b5 26. f3 Rc7 27. Red2 Rb8 28. f4 Na4 29. e5 Nc3 30. exf6+ Kxf6 31. Bh4+ Kf7 32. Re1 b4 33. a3 Rb5 34. axb4 a4 35. Rd3 a3 36. Kf2 Rxb4 37. Rf1 Rb1 38. Rxb1 Nxb1 39. Rb3 a2 0-1

[Event "NCA-chT 1st Stage"]
[Site "Managua"]
[Date "2020.10.04"]
[Round "4.21"]
[White "Bolanos Garcia, Heidi Paola"]
[Black "Garcia Montoya, Anderson Steven"]
[Result "1/2-1/2"]
[WhiteElo "1300"]
[BlackElo "1252"]
[PlyCount "81"]
[EventDate "2020.10.03"]
[EventType "team-swiss"]
[EventRounds "9"]
[EventCountry "NCA"]
[SourceTitle "EXT 2022"]
[Source "ChessBase"]
[SourceDate "2021.10.06"]
[SourceVersion "1"]
[SourceVersionDate "2021.10.06"]
[SourceQuality "1"]

1. e4 e6 2. Nc3 d5 3. d4 Nf6 4. Bg5 Be7 5. e5 Nfd7 6. Bxe7 Qxe7 7. Bd3 c5 8. Qg4 0-0 9. Nf3 h6 10. 0-0 Nc6 11. Bb5 a6 12. Bxc6 bxc6 13. Rfe1 cxd4 14. Qxd4 c5 15. Qd2 Bb7 16. Ne2 d4 17. Ng3 f6 18. exf6 Rxf6 19. Ne5 Raf8 20. f3 Qd6 21. Ng4 R6f7 22. Nh5 e5 23. Re2 Re8 24. Rae1 Rf5 25. Ng3 Rf7 26. c3 Bc6 27. cxd4 cxd4 28. b3 Bb5 29. Re4 Bc6 30. Rxd4 Qxd4+ 31. Qxd4 exd4 32. Rxe8+ Nf8 33. Rd8 Rd7 34. Rxd7 Bxd7 35. Ne5 Bc8 36. Kf1 a5 37. Ke2 Ba6+ 38. Kd2 Ne6 39. Nf5 Kf8 40. Nc6 d3 41. Ne3 1/2-1/2

[Event "NCA-ch sf (Women)"]
[Site "Managua"]
[Date "2020.03.14"]
[Round "7"]
[White "Bolanos Garcia, Heidi Paola"]
[Black "Medrano, Maria Luisa"]
[Result "1/2-1/2"]
[WhiteElo "1292"]
[BlackElo "1631"]
[PlyCount "75"]
[EventDate "2020.02.29"]
[EventType "swiss"]
[EventRounds "9"]
[EventCountry "NCA"]
[SourceTitle "CBM 195 Extra"]
[Source "ChessBase"]
[SourceDate "2020.05.31"]
[SourceVersion "1"]
[SourceVersionDate "2020.05.31"]
[SourceQuality "1"]

1. e4 e5 2. Nf3 Nc6 3. Bb5 a6 4. Ba4 Nf6 5. 0-0 b5 6. Bb3 Be7 7. Re1 0-0 8. d4 d6 9. d5 Na5 10. Nbd2 Nxb3 11. Nxb3 Bd7 12. Na5 Qe8 13. c4 c5 14. Qc2 Bd8 15. Bd2 b4 16. Nb3 a5 17. a3 a4 18. Nc1 b3 19. Qd3 Nh5 20. Ne2 f5 21. Ng3 Nxg3 22. fxg3 fxe4 23. Qxe4 Bf5 24. Qe2 Bg4 25. h3 Bxf3 26. gxf3 Qg6 27. g4 Bh4 28. Rec1 Rae8 29. Rc3 Bg5 30. Bxg5 Qxg5 31. Re3 Rf4 32. Re4 Ref8 33. Rf1 R8f7 34. Kg2 Qd8 35. Qd2 Qf8 36. Qd3 Qd8 37. Qc3 Qf8 38. Qd3 1/2-1/2

[Event "Managua Ramirez de Arellano Memorial"]
[Site "Managua"]
[Date "2019.07.28"]
[Round "8"]
[White "Berrios Vanegas, Yanko Antonio"]
[Black "Bolanos Garcia, Heidi Paola"]
[Result "0-1"]
[WhiteElo "1554"]
[BlackElo "1264"]
[PlyCount "92"]
[EventDate "2019.07.13"]
[EventType "swiss"]
[EventRounds "9"]
[EventCountry "NCA"]
[SourceTitle "EXT 2020"]
[Source "ChessBase"]
[SourceDate "2019.10.17"]
[SourceVersion "1"]
[SourceVersionDate "2019.10.17"]
[SourceQuality "1"]

1. e4 c6 2. d4 d5 3. e5 Bf5 4. Nf3 e6 5. Nc3 c5 6. Be3 Qb6 7. b3 Nc6 8. Bd3 cxd4 9. Na4 Qa5+ 10. Bd2 Bb4 11. Bxf5 exf5 12. 0-0 Nge7 13. Bg5 0-0 14. Qd3 b5 15. Nb2 Bc3 16. Rfb1 Qa3 17. Bc1 Nb4 18. Qd1 Qa5 19. a3 Nbc6 20. Bg5 Ng6 21. Nd3 Bxa1 22. Rxa1 Qb6 23. b4 Rfe8 24. Nc5 Ngxe5 25. Nxe5 Nxe5 26. Qxd4 Qc6 27. Rd1 f6 28. Bc1 Rad8 29. h3 Nc4 30. Kf1 Re7 31. Qf4 Nd6 32. h4 Rde8 33. Be3 Ne4 34. Qxf5 Ng3+ 35. fxg3 Rxe3 36. Qxd5+ Qxd5 37. Rxd5 Rxg3 38. Nd3 Rc8 39. Rxb5 Rxc2 40. Nf4 Rxa3 41. Rb7 Re3 42. Rd7 Rc4 43. Ne2 Rxh4 44. Rxa7 Rb3 45. Rb7 Rb2 46. Ke1 Re4 0-1

[Event "Managua Ramirez de Arellano Memorial"]
[Site "Managua"]
[Date "2019.07.21"]
[Round "6"]
[White "Leyton Calderon, Jairo Oswaldo"]
[Black "Bolanos Garcia, Heidi Paola"]
[Result "1-0"]
[WhiteElo "1556"]
[BlackElo "1264"]
[PlyCount "76"]
[EventDate "2019.07.13"]
[EventType "swiss"]
[EventRounds "9"]
[EventCountry "NCA"]
[SourceTitle "EXT 2020"]
[Source "ChessBase"]
[SourceDate "2019.10.17"]
[SourceVersion "1"]
[SourceVersionDate "2019.10.17"]
[SourceQuality "1"]

1. Nf3 Nf6 2. b3 Nc6 3. Bb2 e5 4. Nxe5 Nxe5 5. Bxe5 Be7 6. g3 c6 7. Bg2 d6 8. Bb2 Bf5 9. d3 Qd7 10. Nd2 Bh3 11. 0-0 Bxg2 12. Kxg2 0-0 13. a4 d5 14. e4 dxe4 15. Nxe4 Nxe4 16. dxe4 Rad8 17. Qxd7 Rxd7 18. Rad1 Rfd8 19. Rxd7 Rxd7 20. Bc1 b6 21. Kf3 f6 22. Ke2 Rd4 23. f3 Kf7 24. Rd1 Bc5 25. Rxd4 Bxd4 26. Be3 Bb2 27. Kd3 Ke6 28. Kc4 Be5 29. b4 Bd6 30. f4 Bc7 31. g4 Kd6 32. Kd3 c5 33. bxc5+ bxc5 34. c4 Bb6 35. a5 Bxa5 36. Bxc5+ Kc6 37. Bxa7 Bb6 38. Bxb6 Kxb6 1-0

[Event "Managua Ramirez de Arellano Memorial"]
[Site "Managua"]
[Date "2019.07.13"]
[Round "1"]
[White "Salazar Cabezas, Alberto Javier"]
[Black "Bolanos Garcia, Heidi Paola"]
[Result "1-0"]
[WhiteElo "1914"]
[BlackElo "1264"]
[PlyCount "65"]
[EventDate "2019.07.13"]
[EventType "swiss"]
[EventRounds "9"]
[EventCountry "NCA"]
[SourceTitle "EXT 2020"]
[Source "ChessBase"]
[SourceDate "2019.10.17"]
[SourceVersion "1"]
[SourceVersionDate "2019.10.17"]
[SourceQuality "1"]

1. d4 Nf6 2. Bf4 e6 3. e3 d5 4. Nf3 Bd6 5. Ne5 0-0 6. Nd2 c5 7. c3 Qc7 8. Bd3 Nbd7 9. Ndf3 Ne4 10. Qc2 Ndf6 11. g4 Bxe5 12. Bxe5 Qc6 13. Bxf6 Nxf6 14. g5 Ne4 15. Ne5 Qb6 16. Bxe4 dxe4 17. dxc5 Qxc5 18. Qxe4 Qb5 19. 0-0-0 a5 20. h4 Ra6 21. Qf4 Qe2 22. h5 f5 23. gxf6 Rxf6 24. Qg5 h6 25. Qg3 Rf5 26. Qh4 Kh7 27. Rd8 Qb5 28. Ng6 Rxh5 29. Qxh5 Qxh5 30. Rxh5 Kxg6 31. Rc5 Rc6 32. Rxc6 bxc6 33. Rxc8 1-0

[Event "NCA-ch (Women)"]
[Site "Managua"]
[Date "2018.05.06"]
[Round "9"]
[White "Bolanos Garcia, Heidi Paola"]
[Black "Granados Diaz, Maria Esther"]
[Result "0-1"]
[WhiteElo "1330"]
[BlackElo "1808"]
[PlyCount "84"]
[EventDate "2018.04.07"]
[EventType "tourn"]
[EventRounds "9"]
[EventCountry "NCA"]
[SourceTitle "EXT 2019"]
[Source "ChessBase"]
[SourceDate "2018.10.10"]
[SourceVersion "1"]
[SourceVersionDate "2018.10.10"]
[SourceQuality "1"]

1. e4 c5 2. Nf3 a6 3. d4 cxd4 4. Nxd4 Nf6 5. Nc3 e5 6. Nf3 Nc6 7. Bc4 Bb4 8. Qd3 h6 9. 0-0 0-0 10. Bb3 Bxc3 11. Qxc3 Re8 12. Qc4 Qe7 13. Be3 Na5 14. Qd3 Nxb3 15. axb3 d5 16. Qe2 Nxe4 17. Rfe1 Bg4 18. Bc1 Qf6 19. c4 Ng5 20. Bxg5 hxg5 21. cxd5 e4 22. Qc4 Bxf3 23. gxf3 Qxf3 24. Re3 Qg4+ 25. Rg3 Qf5 26. Rd1 Rac8 27. Qe2 Rc5 28. d6 Rd5 29. Rgd3 exd3 30. Qxe8+ Kh7 31. Rd2 Rxd6 32. Qe3 Qg4+ 33. Kh1 Re6 34. Qxd3+ Qe4+ 35. Qxe4+ Rxe4 36. Kg2 Rb4 37. Rd3 Kg6 38. f3 f5 39. Rc3 g4 40. fxg4 Rxg4+ 41. Rg3 Rxg3+ 42. Kxg3 Kg5 0-1

[Event "NCA-ch (Women)"]
[Site "Managua"]
[Date "2018.04.08"]
[Round "2"]
[White "Bolanos Garcia, Heidi Paola"]
[Black "Narvaez Talavera, Joanie Ellen"]
[Result "0-1"]
[WhiteElo "1330"]
[BlackElo "1648"]
[PlyCount "52"]
[EventDate "2018.04.07"]
[EventType "tourn"]
[EventRounds "9"]
[EventCountry "NCA"]
[SourceTitle "EXT 2019"]
[Source "ChessBase"]
[SourceDate "2018.10.10"]
[SourceVersion "1"]
[SourceVersionDate "2018.10.10"]
[SourceQuality "1"]

1. e4 d5 2. exd5 Qxd5 3. Nc3 Qa5 4. d4 Nf6 5. Bc4 c6 6. Nge2 Bf5 7. Bf4 e6 8. f3 Nd5 9. g4 Bg6 10. h4 h6 11. h5 Bh7 12. Qd2 Nxf4 13. Nxf4 Bd6 14. 0-0-0 Qc7 15. Nfe2 Nd7 16. Bd3 Bxd3 17. Qxd3 0-0-0 18. Ne4 Be7 19. Qb3 Nf6 20. N2c3 Qf4+ 21. Kb1 Qxf3 22. Rhf1 Qxg4 23. Nc5 Bxc5 24. dxc5 Rxd1+ 25. Rxd1 Ne4 26. Kc1 Qf4+ 0-1

[Event "NCA-ch (Women)"]
[Site "Managua"]
[Date "2018.04.08"]
[Round "3"]
[White "Granados Ortiz, Maria Jose"]
[Black "Bolanos Garcia, Heidi Paola"]
[Result "1-0"]
[WhiteElo "1626"]
[BlackElo "1330"]
[PlyCount "61"]
[EventDate "2018.04.07"]
[EventType "tourn"]
[EventRounds "9"]
[EventCountry "NCA"]
[SourceTitle "EXT 2019"]
[Source "ChessBase"]
[SourceDate "2018.10.10"]
[SourceVersion "1"]
[SourceVersionDate "2018.10.10"]
[SourceQuality "1"]

1. e4 c6 2. d4 g6 3. Be3 Na6 4. Qd2 Nc7 5. Nc3 Bg7 6. Bc4 d6 7. Nge2 b5 8. Bd3 Bb7 9. Ng3 Nf6 10. Bh6 Ne6 11. Bxg7 Nxg7 12. f4 d5 13. e5 Ng4 14. f5 Bc8 15. h3 Nxe5 16. dxe5 Nxf5 17. Nxf5 Bxf5 18. Bxf5 gxf5 19. 0-0-0 e6 20. Ne2 Qd7 21. Qa5 Qe7 22. Rhg1 Rg8 23. Nf4 Qg5 24. Qd2 Qg3 25. Rde1 a5 26. Nh5 Qg6 27. Nf6+ Ke7 28. Nxg8+ Qxg8 29. g4 Qf8 30. gxf5 exf5 31. Qg5+ 1-0

[Event "Managua Hurtado Memorial 17th"]
[Site "Managua"]
[Date "2017.12.13"]
[Round "4"]
[White "Bolanos Garcia, Heidi Paola"]
[Black "Mejia, Donaldo"]
[Result "0-1"]
[WhiteElo "1448"]
[BlackElo "1862"]
[PlyCount "44"]
[EventDate "2017.12.11"]
[EventType "swiss"]
[EventRounds "9"]
[EventCountry "NCA"]
[SourceTitle "CBM 182 Extra"]
[Source "ChessBase"]
[SourceDate "2018.02.23"]
[SourceVersion "1"]
[SourceVersionDate "2018.02.23"]
[SourceQuality "1"]

1. e4 e6 2. d4 d5 3. Nc3 Nf6 4. e5 Nfd7 5. Nf3 c5 6. dxc5 Nc6 7. Bf4 Bxc5 8. Bd3 a6 9. a4 f6 10. Qe2 0-0 11. 0-0 fxe5 12. Nxe5 Rxf4 13. Nxc6 Qf6 14. Na5 Ne5 15. Kh1 Ng4 16. Nd1 Nxh2 17. g3 Nxf1 18. Qxf1 e5 19. gxf4 Qh4+ 20. Kg1 Bh3 21. Qe2 Bg4 22. Qxe5 Bf3 0-1

[Event "Managua Hurtado Memorial 17th"]
[Site "Managua"]
[Date "2017.12.12"]
[Round "3"]
[White "Borge Gonzalez, Fernando Antonio"]
[Black "Bolanos Garcia, Heidi Paola"]
[Result "0-1"]
[WhiteElo "1233"]
[BlackElo "1448"]
[PlyCount "56"]
[EventDate "2017.12.11"]
[EventType "swiss"]
[EventRounds "9"]
[EventCountry "NCA"]
[SourceTitle "CBM 182 Extra"]
[Source "ChessBase"]
[SourceDate "2018.02.23"]
[SourceVersion "1"]
[SourceVersionDate "2018.02.23"]
[SourceQuality "1"]

1. e4 e5 2. Nf3 Nc6 3. Bc4 Nf6 4. Nc3 Be7 5. 0-0 0-0 6. d3 a6 7. Re1 b5 8. Bd5 Bb4 9. Bxc6 dxc6 10. Nxe5 Bb7 11. Nf3 c5 12. d4 cxd4 13. Nxd4 Bxc3 14. bxc3 Nxe4 15. Qf3 Re8 16. Bb2 Qd5 17. h3 Rad8 18. Qe3 Nf6 19. Qf3 Qxf3 20. Nxf3 Bxf3 21. gxf3 Rd2 22. c4 Red8 23. cxb5 axb5 24. Bxf6 gxf6 25. Rac1 c5 26. Re7 Rd1+ 27. Rxd1 Rxd1+ 28. Kg2 Rd2 0-1